Quizzes
Events
Quiz Creation
Community
Videos
Private Events
Remove Ads
Sign In
Join for FREE
Feedback
Dark Mode
Quiz Categories
Sports
Geography
Music
Movies
Television
Just For Fun
Miscellaneous
History
Literature
Language
Science
Gaming
Entertainment
Religion
Holiday
For Kids
Quiz Lab
Recent
Popular Today
Quiz Kudos Today
Editor Picks
Curator Picks
Quizzes by...
Day
Popularity
Type
Ratings
Length
Year
Community
Subscriptions
Recent Discussions
Orange Saloon
Badges
Playlists
Quests
Create
Leaderboards
Showdown
Live 5
Trivia Bingo
Activity
Puzzle Library
Sporcle Events
Private Events
Virtual Trivia
Globe League
Become a Host
Pub Owners
SporcleCon
Opinionation
Our Games
Videos
Blog
Mobile Apps
Partnerships
Remove Ads and Go Orange
Feedback
Music
Pop Music
The Beatles
Song
Album
Lyrics
Bands
Singers
Artist
Clip
Rock
Rap
Classical
Billboard
Country Music
Kpop
Taylor Swift
Music
Pop Music
The Beatles
Song
Album
Lyrics
Bands
Singers
Artist
Clip
Rock
Rap
Classical
Billboard
Country Music
Kpop
Taylor Swift
Random Quiz
Search Sporcle
×
Quiz Lab
Quiz Lab
Music
Song
Type in answers that appear in a list
Type in answers that appear in a list
Classic
Best Score? Go Orange.
Name the Goldfish songs Stats
Can you name the Goldfish songs?
By
KeymasterThe
11m
46 Questions
4 Plays
4 Plays
4 Plays
Comments
Comments
Give Quiz Kudos
Give Quiz Kudos
-
- Ratings
hide this ad
More Info
Replay
Link that replays current quiz
Next Quiz
Link to next quiz in quiz playlist
You Got
0%
They Got
Avg Score
34%
Avg Friend Score
Upgrade to see
Score Distribution
Jump to the score distribution portion of the page
Score
0/46
Timer
11:00
0
Plays Today
Hint
Answer
% Correct
Get Busy Living (2010)
Get busy living
66.7%
Three Second Memory (2013)
Three Second Memory
66.7%
Perceptions of Pacha (2008)
Soundtracks & Come Backs
66.7%
Perceptions of Pacha (2008)
Fort Knox
66.7%
Caught in the Loop (2006)
Mbira Beat
33.3%
Caught in the Loop (2006)
Egyptology
33.3%
Get Busy Living (2010)
Show you how
33.3%
Get Busy Living (2010)
Humbug
33.3%
Get Busy Living (2010)
Brush your hair
33.3%
Get Busy Living (2010)
We come together
33.3%
Get Busy Living (2010)
In too deep
33.3%
Perceptions of Pacha (2008)
Cruising Through
33.3%
Perceptions of Pacha (2008)
Hold Tight
33.3%
Perceptions of Pacha (2008)
This Is How It Goes
33.3%
Goldfish (2012)
Woman's A Devil
33.3%
Caught in the Loop (2006)
The Real Deal
0%
Caught in the Loop (2006)
Times May Change You
0%
Caught in the Loop (2006)
Love and Hate
0%
Caught in the Loop (2006)
All Night
0%
Caught in the Loop (2006)
Wait a Minute
0%
Caught in the Loop (2006)
The Four Fourty Five Blues
0%
Caught in the Loop (2006)
Last Tango in Paradise
0%
Caught in the Loop (2006)
Dream
0%
Hint
Answer
% Correct
Caught in the Loop (2006)
Obey
0%
Caught in the Loop (2006)
From Zanzibar With Love
0%
Caught in the Loop (2006)
Highfalutin
0%
Get Busy Living (2010)
Crunchy Joe
0%
Get Busy Living (2010)
Call me
0%
Get Busy Living (2010)
My rainbow
0%
Get Busy Living (2010)
Big band wolf
0%
Goldfish (2012)
Washing Over Me
0%
Three Second Memory (2013)
Followers of the Beat
0%
Perceptions of Pacha (2008)
Coming Home
0%
Perceptions of Pacha (2008)
Are You Lulu
0%
Perceptions of Pacha (2008)
Just For Tonight
0%
Perceptions of Pacha (2008)
Wet Welly
0%
Perceptions of Pacha (2008)
Sold My Soul
0%
Three Second Memory (2013)
One Million Views
0%
Three Second Memory (2013)
Choose Your Own Adventure
0%
Three Second Memory (2013)
He's Crazy
0%
Three Second Memory (2013)
Away Game
0%
Three Second Memory (2013)
Giant Leap
0%
Three Second Memory (2013)
Trees and Jets
0%
Three Second Memory (2013)
Drive Them Back to Darkness
0%
Three Second Memory (2013)
Take Back Tomorrow
0%
Three Second Memory (2013)
Moonwalk Away
0%
Quiz Playlist
Details
Report
Send in Message
Add To Playlist
More Info:
Goldfish is a South African DJ duo. Do you know their songs?
Classic:
Type in answers that appear in a list
Last Updated: Feb 16, 2017
Quiz Scoreboard
CHALLENGE
Sign Up to Join the Scoreboard
Show All
Scores
Hide
Comments
May contain spoilers
Recently Published
Billboard Blitz: Fleetwood Mac
by CooCooCachoo
Music
15s
Presidents Visiting Landmarks
by Hejman
History
7m
An Introduction to Baseball
by treessimontrees
Sports
5m
More to Explore
Quiz From the Vault
Featured Blog Post
Where Did the Easter Bunny Come From?
hide this ad
You Might Also Like...
Tags
Song Quiz
EDM
goldfish
Today's Top Quizzes in Music
Browse Music
hide this ad
Today's Top Quizzes in Song
Browse Song
Top Contributed Quizzes in Music
1
Taylor Swift All Songs (2024)
2
Guess the Artist- 70s Songs
3
7-to-1: Billboard Hot 100 #1 Hits of 2010s
4
Sorting Albums and Songs
5
Taylor Swift Logic Puzzle
6
One Thing in Common: Music
7
2010s Album by Cover III
8
KPOP LOGIC QUIZ
9
Guess the Taylor Swift song (Mystery Song)
10
Guess the Artist- 80s Songs
Explore More
Trending Topics
Kpop
NBA
Harry Potter
Disney
Anime
Marvel
Crossword
WWE
Country
NFL
Song
Soccer
Puzzle
The Office
Pokémon
hide this ad
More By:
KeymasterThe
Quiz
Plays
Rating
Category
Featured
Created
Name The PlayStation 3 Exclusives
277
3.50
Gaming
Nov 29, 2010
Daft Punk Quiz
174
5.00
Music
Jul 28, 2014
Name the Goldfish songs
4
5.00
Music
Jul 28, 2014
Go to Creator's Profile
Score Distribution
Quiz Creator Spotlight
KeymasterThe
Follow
Send a Message
Quizzes Created
-
Created Quiz Play Count
-
More By This Creator
Popular Quizzes Today
1
Find the US States - No Outlines Minefield
2
Find the Countries of Europe - No Outlines Minefield
3
The Countries of the World
4
Find the US States
5
Popular People in 1961
6
US States
7
Risky Map Clicking: Biggest States A-Z
8
Movies - When Are They Set?
More Music Quizzes
50 'Rock' Songs
Published
Trending Quizzes
Risky Map Clicking: Least Populous States A-Z
1-10 Letter G Words
1-10 Letter F Words
Risky Map Clicking: Next State Alphabetically
Risky Map Clicking: Biggest States A-Z
Recently Updated
Leaping Animals
pecheneg
Reality TV Shows (A-Z)
bhenderson79
Rickey Henderson's Hall of Fame Teammates
pecheneg
Champions League XIs: Arsenal
pecheneg
Quick Pick: Celebrities in WWE's Hall of Fame
aduchscher
A-Z Keypad Blitz II
pecheneg
Multiple Oscar Actors
pecheneg
Mystery Phrase Blitz: Oscar 'Best Actors'
pecheneg
F. Scott Fitzgerald Novels
LTH
Pick 3 Villains
ddd62291
Trending Topics
Crossword
NBA
Harry Potter
Kpop
Anime
Marvel
Disney
The Office
Country
NFL
Soccer
Puzzle
Song
WWE
Pokémon
Your Account Isn't Verified!
In order to create a playlist on Sporcle, you need to verify the email address you used during registration. Go to your
Sporcle Settings
to finish the process.
Report this User
Report this user for behavior that violates our
Community Guidelines
.
Details:
Send Report
Go to the Sporcle.com Mobile Site →
Comments